000
00282nam a2200121Ia 4500
008
241002s9999 xx 000 0 und d
082
_a
332.46 EIN
100
_a
Einzig, Paul
245
0
_a
How money is managed
260
_a
London:
_c
1954
600
_a
Social Sciences
942
_c
UC
999
_c
18766
_d
18766